000 00558cam a22002053a 4500
001 45281
003 PGUSA
005 20140828084035.0
008 140331s2014||||xxu|||||s|||||000 | eng d
040 _aPGUSA
_beng
042 _adc
100 1 _aStuart, Esmè
245 1 0 _aHarum Scarum's Fortune
_h[electronic resource] /
_cEsmè Stuart
260 _bProject Gutenberg,
_c2014
506 _aPublic domain in the USA.
516 _aElectronic text
830 0 _aProject Gutenberg
_v45281
856 4 0 _uhttp://www.gutenberg.org/ebooks/45281
942 _cEB
999 _c274532
_d274532